<?xml version="1.0" encoding="UTF-8"?>
<record
    xmlns:xsi="http://www.w3.org/2001/XMLSchema-instance"
    xsi:schemaLocation="http://www.loc.gov/MARC21/slim http://www.loc.gov/standards/marcxml/schema/MARC21slim.xsd"
    xmlns="http://www.loc.gov/MARC21/slim">

  <leader>01993nam a22002057a 4500</leader>
  <controlfield tag="008">111028t        xxu||||| |||| 00| 0 eng d</controlfield>
  <datafield tag="020" ind1=" " ind2=" ">
    <subfield code="a">0075611201 9780075611202 </subfield>
  </datafield>
  <datafield tag="050" ind1=" " ind2=" ">
    <subfield code="a">H61.4 .D45  </subfield>
  </datafield>
  <datafield tag="100" ind1=" " ind2=" ">
    <subfield code="a"> DeLurgio, Stephen A.</subfield>
  </datafield>
  <datafield tag="245" ind1=" " ind2=" ">
    <subfield code="a">Forecasting principles and applications /</subfield>
    <subfield code="c">Stephen  A. DeLurgio</subfield>
  </datafield>
  <datafield tag="250" ind1=" " ind2=" ">
    <subfield code="a">1st ed</subfield>
  </datafield>
  <datafield tag="260" ind1=" " ind2=" ">
    <subfield code="a">Boston :</subfield>
    <subfield code="b">Irwin/McGraw-Hill, </subfield>
    <subfield code="c">&#xA9;1998.</subfield>
  </datafield>
  <datafield tag="300" ind1=" " ind2=" ">
    <subfield code="a">xxviii, 802 p. :</subfield>
    <subfield code="b">ill. ; </subfield>
    <subfield code="c">26 cm. </subfield>
  </datafield>
  <datafield tag="500" ind1=" " ind2=" ">
    <subfield code="a">Includes index.</subfield>
  </datafield>
  <datafield tag="505" ind1=" " ind2=" ">
    <subfield code="a">Contents: Foundations of forecasting: Planning and forecasting -- Statistical fundamentals for forecasting -- Simple linear regression analysis -- Univariate methods: Simple smoothing methods -- Decomposition methods and seasonal indexes -- Trend-seasonal and Holt-Winters smoothing -- Univariate ARIMA methods: Univariate ARIMA models: Introduction -- ARIMA applications -- ARIMA forecast intervals -- Multivariate / causal methods: Multiple regression of time series -- Econometric methods -- ARIMA intervention analysis -- Multivariate transfer functions -- Cyclical, qualitative and artificial intelligence methods: Cyclical forecasting forecasting methods -- Technological and qualitative forecasting methods: Long-term forecasting -- Artificial neural networks, expert systems and genetic algorithms -- Combining, validation and managerial issues: Control, validation and combining methods -- Mehtod characteristics, accuracy and data sources -- Appendix A: Forecasting data sources -- Appendix B: Outlier detection and adjustment procedures -- Appendix C: Student t-distribution -- Appendix D: Areas of the standard normal distribution -- Appendix E: Critical values of chi-square -- Appendix F: The F- distribution for a=.05 and a=.01 (bold) for many possible degrees of freedom -- Appendix G: Critical values of the Durbin-Watson test statistics for a=.05.</subfield>
  </datafield>
  <datafield tag="650" ind1=" " ind2=" ">
    <subfield code="a">Forecasting </subfield>
    <subfield code="x">Mathematical models. </subfield>
  </datafield>
  <datafield tag="650" ind1=" " ind2=" ">
    <subfield code="a">Forecasting </subfield>
    <subfield code="x">Statistical methods. </subfield>
  </datafield>
  <datafield tag="650" ind1=" " ind2=" ">
    <subfield code="a">Prognoses. </subfield>
  </datafield>
  <datafield tag="942" ind1=" " ind2=" ">
    <subfield code="2">lcc</subfield>
    <subfield code="c">BK</subfield>
  </datafield>
  <datafield tag="999" ind1=" " ind2=" ">
    <subfield code="c">202</subfield>
    <subfield code="d">7702</subfield>
  </datafield>
  <datafield tag="952" ind1=" " ind2=" ">
    <subfield code="0">0</subfield>
    <subfield code="1">0</subfield>
    <subfield code="2">lcc</subfield>
    <subfield code="4">0</subfield>
    <subfield code="7">0</subfield>
    <subfield code="a">WIUC-1</subfield>
    <subfield code="b">WIUC-1</subfield>
    <subfield code="c">GEN</subfield>
    <subfield code="d">2011-10-28</subfield>
    <subfield code="l">0</subfield>
    <subfield code="o">H61.4 .D45</subfield>
    <subfield code="p">653/11</subfield>
    <subfield code="r">2011-10-28 00:00:00</subfield>
    <subfield code="t">1</subfield>
    <subfield code="w">2011-10-28</subfield>
    <subfield code="y">BK</subfield>
  </datafield>
  <datafield tag="952" ind1=" " ind2=" ">
    <subfield code="0">0</subfield>
    <subfield code="1">0</subfield>
    <subfield code="2">lcc</subfield>
    <subfield code="4">0</subfield>
    <subfield code="7">0</subfield>
    <subfield code="a">WIUC-1</subfield>
    <subfield code="b">WIUC-1</subfield>
    <subfield code="c">GEN</subfield>
    <subfield code="d">2011-10-28</subfield>
    <subfield code="l">0</subfield>
    <subfield code="o">H61.4 .D451</subfield>
    <subfield code="p">654/11</subfield>
    <subfield code="r">2011-10-28 00:00:00</subfield>
    <subfield code="t">2</subfield>
    <subfield code="w">2011-10-28</subfield>
    <subfield code="y">BK</subfield>
  </datafield>
  <datafield tag="952" ind1=" " ind2=" ">
    <subfield code="0">0</subfield>
    <subfield code="1">0</subfield>
    <subfield code="2">lcc</subfield>
    <subfield code="4">0</subfield>
    <subfield code="7">0</subfield>
    <subfield code="a">WIUC-1</subfield>
    <subfield code="b">WIUC-1</subfield>
    <subfield code="c">GEN</subfield>
    <subfield code="d">2011-10-28</subfield>
    <subfield code="l">0</subfield>
    <subfield code="o">H61.4 .D452</subfield>
    <subfield code="p">655/11</subfield>
    <subfield code="r">2011-10-28 00:00:00</subfield>
    <subfield code="t">3</subfield>
    <subfield code="w">2011-10-28</subfield>
    <subfield code="y">BK</subfield>
  </datafield>
</record>
